00317nam a2200157Ia 4500003000900000008004100009040001300050040001300063041000800076100001600084245001800100250001300118260001200131300001000143490000600153IT-RoPAU120407s9999 xx 000 0 und d aIT-RoPAU cIT-RoPAU aita aStuart Mill aAutobiografia aLanciano aCarabba c19 cm v1